KÜÇÜK ŞEYLER 3 (Record no. 1136061)

MARC details
000 -LEADER
sabit uzunluktaki kontrol alanı 00247nam a2200097Ia 4500
001 - KONTROL NUMARASI
kontrol alanı 1136061
005 - EN SON İŞLEMİN TARİH VE ZAMANI
kontrol alanı 20250827005200.0
008 - SABİT-UZUNLUKTA VERİ ÖĞELERİ--GENEL BİLGİ
sabit uzunluktaki kontrol alanı 250824s9999 xx 000 0 und d
245 #0 - ESER / YAZAR
ESER ADI KÜÇÜK ŞEYLER 3
Yazar Adı ÜSTÜN DÖKMEN
260 ## - YAYIN, DAĞITIM, VB.
YAYIN EVİ REMZİ KİTABEVİ
Holdings
Düşüm durumu Kayıp durumu Hasar Durumu Ödünç verilmez Ana kütüphane Geçerli Kütüphane Edinilen tarih Toplam ödünç verme sayısı Barkod Son görüntüleme tarihi Fiyatın geçerli olmaya başladığı tarih Koha materyal türü
        MEHMET AKİF ERSOY ANADOLU LİSESİ MEHMET AKİF ERSOY ANADOLU LİSESİ 24.08.2025   1089561 27.08.2025 27.08.2025 Books